Plánujem si program na týžden, ale neexistuje deň, aby som ho splnil,...

Bibliographic Details
Main Author: Žiačiková, Barbora (Author)
Corporate Author: Torytrade, Košice (firma) (Author)
Format: Article
Language:Slovak
PhysicalDescription:1 foto
Subjects:

MARC

LEADER 00000nab a2200000 a 4500
001 vtls000897079
003 SK-MaSNL
005 20260302174602.0
008 040720e19960000xo 0 slo
035 |a KE6102 
040 |a KEVKJB  |b slo  |c KEVKJB  |e AACR2 
041 0 |a slo 
044 |a xo  |c SK 
080 |a 339  |2 1981 
100 1 |a Žiačiková, Barbora  |4 aut  |9 849744 
245 1 0 |a Plánujem si program na týžden, ale neexistuje deň, aby som ho splnil,... 
300 |b 1 foto 
610 2 7 |a Torytrade, Košice (firma)  |2 KEVKJB  |9 884582 
650 0 7 |a firmy súkromné  |2 KEVKJB  |9 877329 
650 0 7 |a obchod leasingový  |2 KEVKJB  |9 884583 
650 0 7 |a financovanie  |2 KEVKJB  |9 16004 
650 0 7 |a informácie  |2 KEVKJB  |9 1285 
651 7 |a Košice (Slovensko)  |2 KEVKJB  |9 18694 
651 7 |a KE,  |2 KEVKJB  |9 877256 
651 7 |a KE,  |2 KEVKJB  |9 877256 
655 7 |a periodikum  |2 snkbucl  |9 29553 
710 2 |a Torytrade, Košice (firma)  |4 aut  |9 884582 
773 0 8 |t Trend, č.32 (1996), s. 7A 
852 |a ZVYKNI  |b KIS3GCP 
999 |c 1404498  |d 1406428